| 000 | 00820nam a2200253 a 4500 | ||
|---|---|---|---|
| 001 | 000016107 | ||
| 003 | DO-SdBNP | ||
| 005 | 20230308130731.0 | ||
| 007 | ta | ||
| 008 | 100225s1999 dr ac r 000 0 spa d | ||
| 040 |
_aDO-SdBNP _bspa _cBNPHU |
||
| 082 | 4 |
_a374.8 _222 |
|
| 110 | 2 |
_aInstituto Nacional de Formación Técnico Profesional _935749 |
|
| 245 | 1 | 0 |
_aUna historia de progreso : _bcapacitar es progresar |
| 250 | _a2ª ed. | ||
| 260 |
_aSanto Domingo : _bINFOTEP, _c1999. |
||
| 300 |
_a40 p. : _bilustracciones y retratos ; _c23 cm. |
||
| 504 | _aBibliografía : p. 37-39. | ||
| 590 | _aInventariado, 2018/BT | ||
| 650 | 4 |
_aEducación tecnológica _zRepública Dominicana _919565 |
|
| 650 | 4 |
_aCentros de capacitación _xHistoria _936095 |
|
| 910 | _aValidado. Control de calidad. EMS | ||
| 942 |
_2ddc _cLBS1 |
||
| 999 |
_c15648 _d15648 |
||